000 00511nam a2200169 i 4500
001 30691
003 ES-MaACL
007 t|
008 030127s1976 xxk ||||1| eng d
100 1 _aBateson, Frederick Wilse.
_926417
245 1 2 _aA guide to english and american literature /
_cF.W. Bateson and Harrison T. Meserole.
250 _a3rd ed.
260 _aLondon, etc. :
_bLongman,
_c[1976]
300 _a334 p. ;
_c22 cm.
700 1 _aMeserole, Harrison T.
_980662
852 _aES-MaACL
_jL-7126
_bR.107731
999 _c30691
_d30691